Auditing and theory <a> CPA review

Na minha lista:
Detalhes bibliográficos
Autor principal: Murphy, Mary E.
Formato: Livro
Idioma:inglês
Publicado em: Homewood Richard D. Irwin 1963
Assuntos:
Tags: Adicionar Tag
Sem tags, seja o primeiro a adicionar uma tag!

MARC

LEADER 00000nam a2200000 4500
001 c110656
005 20221123135107.3
041 0 |a eng 
044 |a US 
245 1 0 |a Auditing and theory  |b <a> CPA review  |c Mary E. Murphy 
264 1 |a Homewood  |b Richard D. Irwin  |c 1963 
300 |a 530 s. 
610 2 0 |a účtovníctvo 
610 2 0 |a účtovníci 
610 2 0 |a inštitúcia 
610 2 0 |a audit 
610 2 0 |a audítori 
610 2 0 |a vzdelanie odborné 
610 2 0 |a audítorstvo 
610 2 0 |a kontrola 
610 2 0 |a príjmy 
610 2 0 |a zisk 
610 2 0 |a USA 
100 1 |a Murphy, Mary E.